000
00263nam a2200109 a 4500
005
20140414132026.0
008
110315s19uu xx 00 eng d
050
_a
TR
_b
G57 2005
100
_a
Ernst, Lisa Campbell
245
_a
Goldilocks returns.
999
_c
113548
_d
113548